Psicopedagogía de la escritura
Bewaard in:
| Hoofdauteur: | |
|---|---|
| Formaat: | Boek |
| Taal: | Spaans |
| Gepubliceerd in: |
Madrid
Pirámide
2007
|
| Reeks: | Psicología
|
| Onderwerpen: | |
| Tags: |
Voeg label toe
Geen labels, Wees de eerste die dit record labelt!
|
MARC
| LEADER | 00000nam a2200000 a 4500 | ||
|---|---|---|---|
| 001 | UCH0788 | ||
| 003 | CL-VaPUC | ||
| 005 | 20201112001227.0 | ||
| 008 | 090326e20070000SP |||||||||||||||||spa|d | ||
| 999 | |c 333023 |d 333021 | ||
| 020 | |a 9788436820843 | ||
| 040 | |c Pontificia Universidad Católica de Valparaíso | ||
| 082 | 0 | 4 | |a 152.3845 |b VIE |2 21 |
| 100 | 0 | |a Vieiro Iglesias, Pilar |e author |9 535125 | |
| 245 | 1 | 0 | |a Psicopedagogía de la escritura |
| 260 | |a Madrid |b Pirámide |c 2007 | ||
| 300 | |a 198 p | ||
| 490 | 0 | |a Psicología | |
| 583 | |a last modification |c 20140403 05:50:50 |k Rodrigo Vera | ||
| 650 | 7 | |a ESCRITURA INFANTIL |2 CL-VaPUC |9 424439 | |
| 650 | 0 | |a Psicopedagogía |2 CL-VaPUC |9 307268 | |
| 650 | 0 | |a Enseñanza de la escritura |9 307377 | |
| 650 | 0 | |a Escritura |9 264941 | |
| 852 | |a BIBCUR | ||
| 942 | |c BK |2 ddc | ||
| 945 | |d 20090326 00:00:00 |a rbrito | ||
| 952 | |0 0 |1 0 |4 0 |6 152_384500000000000_VIE_2007 |7 0 |8 A |9 421151 |a BIBEDU |b BIBEDU |d 2019-11-22 |i 4524314 |l 1 |o 152.3845 VIE 2007 |p 4524314 |r 2024-03-22 |s 2024-03-13 |w 2019-11-22 |y BK |k EDI | ||